Diagnóstico y Tratamiento Médico. (Registro nro. 3027)

Detalles MARC
000 -LEADER
fixed length control field 02976nam a2200901 a 4500
008 - CAMPO DE CONTROL (LIBRO)
fixed length control field 190808e2019 sp ||||| |||| 001 0 spa d
020 ## - INTERNATIONAL STANDARD BOOK NUMBER
ISBN 9788417184629
041 ## - CODIGO DE IDIOMA
Código de idioma del texto/pista de sonido o título separado spa
092 ## - SIGNATURA TOPOGRAFICA DEWEY LOCAL
número de clasificación 616
libristica 16
sección DIA
100 1# - ENTRADA PRINCIPAL--NOMBRE PERSONAL
Nombre personal Rodríguez García, J. L.
9 (RLIN) 4053
245 ## - TITULO PROPIAMENTE DICHO
Título Diagnóstico y Tratamiento Médico.
Subtítulo y Título paralelo Green Book /
Mención de responsabilidad y remanente de la transcripción de la portada J. L. Rodríguez García
250 ## - MENCION DE EDICION
Mención de edición 1a ed.
260 ## - PIE DE IMPRENTA
Lugar de publicación, distribución, etc Madrid:
Nombre de la editorial, distribuidor, etc Marban;
Fecha de publicación 2019.
300 ## - DESCRIPCION FISICA
Extension 2624 p.
500 ## - NOTA GENERAL
Nota general Rodríguez García, J. L. et al. (2019). Diagnóstico y tratamiento médico.Green Book. (1a ed.). Madrid : Marbán.
653 ## - TÉRMINO INDIZADO - PALABRAS CLAVES
Palabra clave Antimicrobianos, infecciosas, antibióticos, VIH
653 ## - TÉRMINO INDIZADO - PALABRAS CLAVES
Palabra clave Inmunología
653 ## - TÉRMINO INDIZADO - PALABRAS CLAVES
Palabra clave Anestesiología
653 ## - TÉRMINO INDIZADO - PALABRAS CLAVES
Palabra clave Geriatría
653 ## - TÉRMINO INDIZADO - PALABRAS CLAVES
Palabra clave Oncología
653 ## - TÉRMINO INDIZADO - PALABRAS CLAVES
Palabra clave Psiquiatría
653 ## - TÉRMINO INDIZADO - PALABRAS CLAVES
Palabra clave Farmacología
653 ## - TÉRMINO INDIZADO - PALABRAS CLAVES
Palabra clave Cardiologia, neumologia y nefrología
653 ## - TÉRMINO INDIZADO - PALABRAS CLAVES
Palabra clave Neurología
653 ## - TÉRMINO INDIZADO - PALABRAS CLAVES
Palabra clave Oftalmología
653 ## - TÉRMINO INDIZADO - PALABRAS CLAVES
Palabra clave ORL
653 ## - TÉRMINO INDIZADO - PALABRAS CLAVES
Palabra clave Digestivo
653 ## - TÉRMINO INDIZADO - PALABRAS CLAVES
Palabra clave Medicina interna, reumatología y hematología
653 ## - TÉRMINO INDIZADO - PALABRAS CLAVES
Palabra clave Endocrinología
653 ## - TÉRMINO INDIZADO - PALABRAS CLAVES
Palabra clave Dermatología
653 ## - TÉRMINO INDIZADO - PALABRAS CLAVES
Palabra clave Ginecología
653 ## - TÉRMINO INDIZADO - PALABRAS CLAVES
Palabra clave Urología
653 ## - TÉRMINO INDIZADO - PALABRAS CLAVES
Palabra clave Alteraciones analíticas
653 ## - TÉRMINO INDIZADO - PALABRAS CLAVES
Palabra clave Sistema nervioso
653 ## - TÉRMINO INDIZADO - PALABRAS CLAVES
Palabra clave Tórax
653 ## - TÉRMINO INDIZADO - PALABRAS CLAVES
Palabra clave Abdomen, higado y bazo
653 ## - TÉRMINO INDIZADO - PALABRAS CLAVES
Palabra clave Retroperitoneo
653 ## - TÉRMINO INDIZADO - PALABRAS CLAVES
Palabra clave Riñon y aparato genitourinario
653 ## - TÉRMINO INDIZADO - PALABRAS CLAVES
Palabra clave Osteomuscular
700 1# - ENTRADAS SECUNDARIAS - NOMBRE PERSONAL
Nombre personal Aguilera Saldaña, M.
9 (RLIN) 4054
700 1# - ENTRADAS SECUNDARIAS - NOMBRE PERSONAL
Nombre personal Arévalo Serrano, J.
9 (RLIN) 4055
700 1# - ENTRADAS SECUNDARIAS - NOMBRE PERSONAL
Nombre personal Azaña Defez, J. M.
9 (RLIN) 4056
700 1# - ENTRADAS SECUNDARIAS - NOMBRE PERSONAL
Nombre personal Balsa Barro, J. A.
9 (RLIN) 4057
700 1# - ENTRADAS SECUNDARIAS - NOMBRE PERSONAL
Nombre personal Berbel García, A.
9 (RLIN) 4058
700 1# - ENTRADAS SECUNDARIAS - NOMBRE PERSONAL
Nombre personal Bielsa Masdeu, A. M.
9 (RLIN) 4059
700 1# - ENTRADAS SECUNDARIAS - NOMBRE PERSONAL
Nombre personal Botella Romero, F.
9 (RLIN) 4060
700 1# - ENTRADAS SECUNDARIAS - NOMBRE PERSONAL
Nombre personal Carmona Lambooy, S. M.
9 (RLIN) 4061
700 1# - ENTRADAS SECUNDARIAS - NOMBRE PERSONAL
Nombre personal Cerezo González, S.
9 (RLIN) 4062
700 1# - ENTRADAS SECUNDARIAS - NOMBRE PERSONAL
Nombre personal Contreras Sánchez, J. D.
9 (RLIN) 4063
700 1# - ENTRADAS SECUNDARIAS - NOMBRE PERSONAL
Nombre personal Corbi Pascula, M. J.
9 (RLIN) 4064
700 1# - ENTRADAS SECUNDARIAS - NOMBRE PERSONAL
Nombre personal González Carro, P. S.
9 (RLIN) 4065
700 1# - ENTRADAS SECUNDARIAS - NOMBRE PERSONAL
Nombre personal González Spínola San Gil, J.
9 (RLIN) 2391
700 1# - ENTRADAS SECUNDARIAS - NOMBRE PERSONAL
Nombre personal Jiménez Mena, M.
9 (RLIN) 3868
700 1# - ENTRADAS SECUNDARIAS - NOMBRE PERSONAL
Nombre personal Jordán Bueso, J.
9 (RLIN) 4066
700 1# - ENTRADAS SECUNDARIAS - NOMBRE PERSONAL
Nombre personal López Rubio, E.
9 (RLIN) 4067
700 1# - ENTRADAS SECUNDARIAS - NOMBRE PERSONAL
Nombre personal Maldonado Hermoso, G.
9 (RLIN) 4068
700 1# - ENTRADAS SECUNDARIAS - NOMBRE PERSONAL
Nombre personal Martínez Alfaro, E.
9 (RLIN) 4069
700 1# - ENTRADAS SECUNDARIAS - NOMBRE PERSONAL
Nombre personal Moreno Oliver, I.
9 (RLIN) 3869
700 1# - ENTRADAS SECUNDARIAS - NOMBRE PERSONAL
Nombre personal Moreno Planas, J. M.
9 (RLIN) 4070
700 1# - ENTRADAS SECUNDARIAS - NOMBRE PERSONAL
Nombre personal Moya Mateo, E.
9 (RLIN) 4071
700 1# - ENTRADAS SECUNDARIAS - NOMBRE PERSONAL
Nombre personal Núñez Ares, A.
9 (RLIN) 4072
700 1# - ENTRADAS SECUNDARIAS - NOMBRE PERSONAL
Nombre personal Ortego Centeno, N.
9 (RLIN) 4073
700 1# - ENTRADAS SECUNDARIAS - NOMBRE PERSONAL
Nombre personal Pascual Izquierdo, C.
9 (RLIN) 3871
700 1# - ENTRADAS SECUNDARIAS - NOMBRE PERSONAL
Nombre personal Pascual Santos, J.
9 (RLIN) 4074
700 1# - ENTRADAS SECUNDARIAS - NOMBRE PERSONAL
Nombre personal Picazo Yeste, J. S.
9 (RLIN) 3873
700 1# - ENTRADAS SECUNDARIAS - NOMBRE PERSONAL
Nombre personal Pinés Corrales, P. J.
9 (RLIN) 4075
700 1# - ENTRADAS SECUNDARIAS - NOMBRE PERSONAL
Nombre personal Rodríguez Villar, S.
9 (RLIN) 4076
700 1# - ENTRADAS SECUNDARIAS - NOMBRE PERSONAL
Nombre personal Salinas Sánchez, A. S.
9 (RLIN) 4077
700 1# - ENTRADAS SECUNDARIAS - NOMBRE PERSONAL
Nombre personal González del Valle, F.
9 (RLIN) 4078
700 1# - ENTRADAS SECUNDARIAS - NOMBRE PERSONAL
Nombre personal Sánchez Atrio, A. I.
9 (RLIN) 4079
700 1# - ENTRADAS SECUNDARIAS - NOMBRE PERSONAL
Nombre personal Sánchez Nievas, G.
9 (RLIN) 2395
700 1# - ENTRADAS SECUNDARIAS - NOMBRE PERSONAL
Nombre personal Segura Martín, T.
9 (RLIN) 4080
700 1# - ENTRADAS SECUNDARIAS - NOMBRE PERSONAL
Nombre personal Tena Gómez, D.
9 (RLIN) 3874
700 1# - ENTRADAS SECUNDARIAS - NOMBRE PERSONAL
Nombre personal Torrecillas Toro, M.
9 (RLIN) 4081
700 1# - ENTRADAS SECUNDARIAS - NOMBRE PERSONAL
Nombre personal Vicente Gutiérrez, M. M.
9 (RLIN) 4082
700 1# - ENTRADAS SECUNDARIAS - NOMBRE PERSONAL
Nombre personal Viñuela Benítez, C.
9 (RLIN) 4083
942 ## - ADDED ENTRY ELEMENTS (KOHA)
Source of classification or shelving scheme Dewey Decimal Classification
Item type Libros
Existencias
Estado de retiro Existencia Fuente de clasificación Estado general No para prestamo Colección Ubicación permanente ubicación actual Sala de ubicación Fecha de adquisición Fuente de adquisición Costo, precio normal de compra Total Checkouts Total Renewals Número de clasificación Código de barras Date last seen Date last borrowed Número de ejemplar Price effective from Koha tipo de elemento (item) Public note Coded location qualifier
    Dewey Decimal Classification     Non-fiction Biblioteca Medicina Biblioteca Medicina Circulación 08/08/2019 UNComahue 3200.00 17 11 616 16 DIA 4555 07/04/2026 26/03/2026 Ej. 7 08/08/2019 Libros Compra UNComahue julio/19. Sede Tordos.  
    Dewey Decimal Classification     Non-fiction Biblioteca Medicina Biblioteca Medicina Circulación 08/08/2019 UNComahue 3200.00 15 8 616 16 DIA 4556 28/05/2026 18/05/2026 Ej. 8 08/08/2019 Libros Compra UNComahue julio/19  
    Dewey Decimal Classification     Non-fiction Biblioteca Medicina Biblioteca Medicina Circulación 08/08/2019 UNComahue 3200.00 27 11 616 16 DIA 4557 27/03/2026 19/03/2026 Ej. 9 08/08/2019 Libros Compra UNComahue julio/19. Sede Tordos.  
    Dewey Decimal Classification     Non-fiction Biblioteca Medicina Biblioteca Medicina Circulación 08/08/2019 UNComahue 3200.00 31 11 616 16 DIA 4558 19/08/2025 08/08/2025 Ej. 10 08/08/2019 Libros Compra UNComahue julio/19. Sede Tordos.  
    Dewey Decimal Classification     Non-fiction Biblioteca Medicina Biblioteca Medicina Circulación 08/08/2019 UNComahue 3200.00 11   616 16 DIA 4559 30/03/2026 13/08/2025 Ej. 11 08/08/2019 Libros Compra UNComahue julio/19. Sede Tordos.  
    Dewey Decimal Classification       Biblioteca Medicina Biblioteca Medicina Circulación 01/08/2025 Donación Asociación Neuquina de Anestesia - ANAAR, Julio 2025.   1   616 16 DIA 5082 30/03/2026 16/03/2026 Ej. 12 01/08/2025 Libros Donación Asociación Neuquina de Anestesia - ANAAR, Julio 2025. Sede Tordos.  

UNIVERSIDAD NACIONAL DEL COMAHUE
Biblioteca de la Facultad de Ciencias Médicas
Sede Toschi: Los Arrayanes y Av. Toschi, Cipolletti  - Rio Negro
Sede Los Tordos:  Yrigoyen al 2211, Cipolletti - Rio Negro 

Teléfono: 0299 - 4774707 int 25
Contacto: biblioteca@facimed.uncoma.edu.ar
© 2011 - 2026